000
00318nam a22001457a 4500
008
210305b ||||| |||| 00| 0 eng d
020
_a
9781111834159
041
_a
eng
080
_2
2nd
_a
159.9
082
_a
159.9
100
_a
48
101
_a
PSI
245
_a
What is Psychology
_c
Pastorino,E
942
_2
udc
_c
BK
999
_c
55880
_d
55880